000 00547nam a2200217 a 4500
001 0001-2063
003 ELIB.Books
008 190718 2010 eng
020 _aKBTS
092 _a230.82
_bGeb
100 _aGebara, Ivone.
245 _aOut of the Depths
260 _aMinneapolis
_bFortress Press
_c2002
300 _a211
_c20 Cm
650 _aFeminist
856 _nKBTS Library
_uKBTS Elib
942 _2ddc
_cBK
990 _a5
998 _aEnglishbooks.elf
_ccat
_e2019-07-18
_mcat
_u2019-07-18
999 _c12063
_d12063